[Event "Czech League 2008/09 (2nd) (f)"]
[Site "Czech Republic"]
[Date "2009.01.11"]
[Round "6"]
[White "Holeksa Milos (CZE)"]
[Black "Mikulec Jiri (CZE)"]
[Result "0-1"]
[WhiteElo "2095"]
[BlackElo "2055"]

1.e4 e6 2.d4 d5 3.Nd2 Nf6 4.e5 Nfd7 5.Bd3 c5 6.c3 Qb6 7.Ne2 Nc6 8.Nf3 cxd4
9.cxd4 f6 10.exf6 Nxf6 11.O-O Bd6 12.Re1 O-O 13.Nc3 a6 14.Na4 Qc7 15.h3 e5
16.dxe5 Nxe5 17.Be2 b5 18.Nc3 Bb7 19.a3 Rad8 20.Nd4 Qf7 21.Rf1 Ne4 22.Nxe4
dxe4 23.Be3 Bc5 24.b4 Bxd4 {#R} 0-1

[Event "Tournament (open) \"]
[Site "Neapol (Italy)"]
[Date "2009.01.29"]
[Round "4"]
[White "Solombrino Giovanni (ITA)"]
[Black "Cosenza Gianni (ITA)"]
[Result "0-1"]
[WhiteElo "1918"]
[BlackElo "1927"]

1.e4 e6 2.d4 d5 3.Nd2 Nf6 4.e5 Nfd7 5.Bd3 c5 6.c3 Nc6 7.Ne2 cxd4 8.cxd4 f6
9.exf6 Nxf6 10.Nf3 Bd6 11.O-O Qc7 12.Ng3 O-O 13.Bg5 Qf7 14.Qe2 h6 15.Bd2 g5
16.Bc3 Nh5 17.Ne5 Bxe5 18.dxe5 Nf4 19.Qd2 d4 20.Bxd4 Nxd4 21.Ne4 Nf3+ 22.gxf3
Nh3+ {#R} 0-1

[Event "Czech League 2008/09 (2nd) (f)"]
[Site "Czech Republic"]
[Date "2009.02.07"]
[Round "8"]
[White "Benda Ales (CZE)"]
[Black "Brousek Jiri (CZE)"]
[Result "0-1"]
[WhiteElo "2180"]
[BlackElo "2109"]

1.e4 e6 2.d4 d5 3.Nd2 Nf6 4.e5 Nfd7 5.Bd3 c5 6.c3 Nc6 7.Ne2 Qb6 8.Nf3 cxd4
9.cxd4 f6 10.exf6 Nxf6 11.O-O Bd6 12.Nc3 Bd7 13.a3 Nxd4 14.Nxd4 Qxd4 15.Bg6+
hxg6 16.Qxd4 Bxh2+ 17.Kh1 Be5+ 18.Kg1 Bxd4 {#R} 0-1

[Event "Ch City (seniors)"]
[Site "Madrid (Spain)"]
[Date "2009.02.17"]
[Round "7"]
[White "Arias De Reyna Martinez Francis (ESP)"]
[Black "Pascual Perdiguero Jose Maria (ESP)"]
[Result "0-1"]
[WhiteElo "1604"]
[BlackElo "1879"]

1.e4 e6 2.d4 d5 3.Nd2 Nf6 4.e5 Nfd7 5.Bd3 c5 6.c3 Nc6 7.Ndf3 cxd4 8.cxd4 Qb6
9.Ne2 Be7 10.O-O f6 11.exf6 Nxf6 12.Qa4 Bd7 13.Bb5 a6 14.Bd2 Qxb5 {#R} 0-1

[Event "Memorial Jamil Calil"]
[Site "Barrinha (Brazil)"]
[Date "2009.02.24"]
[Round "8"]
[White "Shiroma Silvio Haruo (BRA)"]
[Black "Bueno Alfeu Junior Varela (BRA)"]
[Result "0-1"]
[WhiteElo "2119"]
[BlackElo "2262"]

1.e4 e6 2.d4 d5 3.Nd2 Nf6 4.e5 Nfd7 5.Bd3 c5 6.c3 Nc6 7.Ne2 cxd4 8.cxd4 f6
9.exf6 Nxf6 10.Nf3 Bd6 11.O-O Qb6 12.Nc3 Bd7 13.Be3 O-O 14.Re1 a6 15.a3 Be8
16.Ng5 Nd8 17.Qc2 h6 18.Nh7 Nxh7 19.Bxh7+ Kh8 20.g4 Qc7 21.h4 Qf7 22.Bd3 Qf3
23.Qd1 Qh3 {#R} 0-1

[Event "Ch Colombia (juniors) (under 14)"]
[Site "Villanvicencio  (Colombia)"]
[Date "2009.03.21"]
[Round "6"]
[White "Camargo Santiago (COL)"]
[Black "Valencia Andres Felipe (COL)"]
[Result "0-1"]
[WhiteElo "2019"]
[BlackElo "1967"]

1.e4 e6 2.d4 d5 3.Nd2 Nf6 4.e5 Nfd7 5.Bd3 c5 6.c3 Nc6 7.Ne2 Qb6 8.Nf3 cxd4
9.cxd4 f6 10.exf6 Nxf6 11.O-O Bd6 12.a3 O-O 13.Bb1 e5 14.dxe5 Nxe5 15.Ned4 Bg4
16.h3 Nxf3+ 17.Nxf3 Bxf3 18.Qxf3 Ne4 19.Qe3 Bc5 20.Qd3 Bxf2+ 21.Kh2 Bg3+ {#R}
0-1

[Event "It \"]
[Site "Belgrade (Serbia)"]
[Date "2009.03.22"]
[Round "2"]
[White "Jandric Damjan (SRB)"]
[Black "Djurisic Dusan (SRB)"]
[Result "1-0"]
[WhiteElo "1872"]
[BlackElo "1961"]

1.e4 e6 2.d4 d5 3.Nd2 Nf6 4.e5 Nfd7 5.Bd3 c5 6.c3 Nc6 7.Ne2 cxd4 8.cxd4 Be7
9.O-O O-O 10.Nf3 a5 11.b3 Nb4 12.Bb1 b6 13.a3 Nc6 14.Qc2 g6 15.Qxc6 Ba6 16.Qc2
Rc8 17.Qd2 Rc7 {#r} 1-0

[Event "Ch Ukraine (juniors) (under 16)"]
[Site "Odessa (Ukraine)"]
[Date "2009.03.25"]
[Round "7"]
[White "Danilenko Dmitriy (UKR)"]
[Black "Naboka Sergey (UKR)"]
[Result "1-0"]
[WhiteElo "2290"]
[BlackElo "2021"]

1.e4 e6 2.d4 d5 3.Nd2 Nf6 4.e5 Nfd7 5.Bd3 c5 6.c3 Nc6 7.Ne2 cxd4 8.cxd4 Qb6
9.Nf3 Be7 10.O-O O-O 11.Nf4 Kh8 12.Bb1 Re8 13.b3 Nf8 14.Be3 Bd7 15.h4 h6
16.Nh5 Red8 17.Bxh6 Ng6 18.Bxg7+ Kg8 19.Qd2 Qb4 20.Qh6 Nxd4 21.Nxd4 Qxd4
22.Nf6+ {#r} 1-0

[Event "Ch Thailand (open)"]
[Site "Bangkok (Thailand)"]
[Date "2009.04.01"]
[Round "2"]
[White "Vea Odin Blikra (NOR)"]
[Black "Lahiri Atanu (IND)"]
[Result "0-1"]
[WhiteElo "2162"]
[BlackElo "2361"]

1.e4 e6 2.d4 d5 3.Nd2 Nf6 4.e5 Nfd7 5.Bd3 c5 6.c3 Nc6 7.Ne2 cxd4 8.cxd4 f6
9.exf6 Nxf6 10.Nf3 Qc7 11.Bf4 Bb4+ 12.Nd2 Bd6 13.Bxd6 Qxd6 14.O-O O-O 15.f4
Ng4 16.Rf3 e5 17.fxe5 Ncxe5 18.Rxf8+ Qxf8 19.dxe5 Qc5+ {#R} 0-1

[Event "Memorial Voroniatov (open)"]
[Site "Nizhnij Novgorod (Russia)"]
[Round "0"]
[White "Krylov Dima (RUS)"]
[Black "Demidov Danil (RUS)"]
[Result "1-0"]
[WhiteElo "1785"]
[BlackElo "2104"]

1.e4 e6 2.d4 d5 3.Nd2 Nf6 4.e5 Nfd7 5.Bd3 c5 6.c3 Nc6 7.Ne2 cxd4 8.cxd4 Bb4
9.O-O O-O 10.Nf3 f6 11.exf6 Nxf6 12.Bf4 Bd6 13.Re1 Qc7 14.Bxd6 Qxd6 15.Nc3 a6
16.Ne5 Ne7 17.a3 Bd7 18.Qe2 Be8 19.Nf3 Bf7 20.Ng5 Rae8 21.Nxf7 Rxf7 22.Qxe6
{#r} 1-0

[Event "Ch England (team) 2008/09 (2 div)"]
[Site "England"]
[Date "2009.05.03"]
[Round "10"]
[White "Doran Chris (ENG)"]
[Black "Player Edmund C (ENG)"]
[Result "0-1"]
[WhiteElo "1931"]
[BlackElo "2149"]

1.e4 e6 2.d4 d5 3.Nd2 Nf6 4.e5 Nfd7 5.Bd3 c5 6.c3 Nc6 7.Ne2 Qb6 8.Nf3 cxd4
9.cxd4 f6 10.exf6 Nxf6 11.O-O Bd6 12.Nf4 O-O 13.Re1 Re8 14.Ng5 h6 15.Ngxe6
Bxf4 16.Nxf4 Bg4 17.Be2 Nxd4 18.Bxg4 Rxe1+ 19.Qxe1 Nxg4 20.Be3 Nxe3 21.Qxe3
Nc2 22.Qe7 Nxa1 {#R} 0-1

[Event "Tournament"]
[Site "Krakow (Poland)"]
[Date "2009.05.10"]
[Round "4"]
[White "Sadzikowski Daniel (POL)"]
[Black "Olkuski Tadeusz (POL)"]
[Result "1-0"]
[WhiteElo "2284"]
[BlackElo "1579"]

1.e4 e6 2.d4 d5 3.Nd2 Nf6 4.e5 Nfd7 5.Bd3 c5 6.c3 Nc6 7.Ne2 cxd4 8.cxd4 Be7
9.O-O O-O 10.Nf3 f6 11.Nf4 Nb6 12.exf6 Bxf6 13.Re1 Re8 14.Ne5 Bxe5 15.dxe5 Nd7
16.Qh5 Nf8 17.Re3 Re7 18.Rh3 g6 19.Nxg6 Nxg6 20.Bxg6 Qc7 21.Bxh7+ Kh8 22.Bg6+
Kg8 23.Qh8# 1-0

[Event "Ch Germany (juniors) (Internet) (under 18) (qual3)"]
[Site "Internet"]
[Date "2009.05.17"]
[Round "4"]
[White "Titgemeyer Sven (GER)"]
[Black "Begri Felix"]
[Result "0-1"]
[WhiteElo "1928"]
[BlackElo "1841"]

1.e4 e6 2.d4 d5 3.Nd2 Nf6 4.e5 Nfd7 5.Bd3 c5 6.c3 Nc6 7.Ne2 cxd4 8.cxd4 Qb6
9.Nf3 f6 10.Nf4 fxe5 11.dxe5 Ndxe5 12.Nxe5 Nxe5 13.Qh5+ Nf7 14.Bxh7 Bb4+
15.Kf1 Qd4 16.Be3 Qxb2 17.Rd1 Bd7 18.Ng6 Bb5+ 19.Kg1 Be2 20.Qh3 Qf6 21.Nxh8
Bxd1 22.Nxf7 Bg4 {#R} 0-1

[Event "Ch Colombia (juniors) (under 16)"]
[Site "Cali (Colombia)"]
[Date "2009.05.23"]
[Round "7"]
[White "Blandon Diego (COL)"]
[Black "Dominguez Oscar (COL)"]
[Result "0-1"]
[WhiteElo "2061"]
[BlackElo "1755"]

1.e4 e6 2.d4 d5 3.Nd2 Nf6 4.e5 Nfd7 5.Bd3 c5 6.c3 Nc6 7.Ne2 cxd4 8.cxd4 f6
9.Nf4 Nxd4 10.Qh5+ Ke7 11.Ng6+ hxg6 12.exf6+ Nxf6 13.Qxh8 Kf7 14.O-O e5 15.f3
Qb6 16.Kh1 Bd6 17.b3 Rb8 18.Qh4 Bf5 19.Bxf5 Nxf5 20.Qa4 Ng3+ {#R} 0-1

[Event "Ch Colombia (1/2 final) (w)"]
[Site "Buga (Colombia)"]
[Round "4"]
[White "Palacios Velasquez Laura (COL)"]
[Black "Castillo Shirley (COL)"]
[Result "1-0"]
[WhiteElo "1573"]
[BlackElo "1937"]

1.e4 e6 2.d4 d5 3.Nd2 Nf6 4.Bd3 c5 5.e5 Nfd7 6.c3 Nc6 7.Ne2 cxd4 8.cxd4 Be7
9.O-O f5 10.exf6 Nxf6 11.Nf3 O-O 12.Nf4 Bd6 13.Re1 Nxd4 14.Nxd4 e5 15.Nfe6 Qb6
16.Nxf8 Qxd4 17.Nxh7 Ng4 18.Be3 Nxe3 19.fxe3 Qh4 20.Bg6 Be6 21.e4 Bc5+ 22.Kh1
Bf2 {#r} 1-0

[Event "It \"]
[Site "Bad Homburg (Germany)"]
[Date "2009.06.11"]
[Round "2"]
[White "Schmitt Roland (GER)"]
[Black "Jandke Manfred (GER)"]
[Result "0-1"]
[WhiteElo "1899"]
[BlackElo "2171"]

1.e4 e6 2.d4 d5 3.Nd2 Nf6 4.e5 Nfd7 5.Bd3 c5 6.c3 Nc6 7.Ne2 cxd4 8.cxd4 f6
9.Nf4 Qe7 10.exf6 Qxf6 11.Qh5+ g6 12.Qg4 Nxd4 13.O-O Ne5 14.Qh3 Bg7 15.Qe3
Nxd3 16.Nxd3 O-O 17.b3 Nc2 {#R} 0-1

[Event "It (open)"]
[Site "Perugia (Italy)"]
[Date "2009.06.28"]
[Round "3"]
[White "Leon Hoyos Manuel (MEX)"]
[Black "Vuelban Virgilio (PHI)"]
[Result "1-0"]
[WhiteElo "2525"]
[BlackElo "2404"]

1.e4 e6 2.d4 d5 3.Nd2 Nf6 4.e5 Nfd7 5.Bd3 c5 6.c3 Nc6 7.Ne2 Qb6 8.Nf3 cxd4
9.cxd4 Bb4+ 10.Kf1 Be7 11.g3 g5 12.Nxg5 Bxg5 13.Bxg5 Qxb2 14.Kg2 b6 15.Qa4
{#r} 1-0

[Event "It (open)"]
[Site "Klatovy (Czech Republic)"]
[Round "0"]
[White "Lacina Adolf (CZE)"]
[Black "Jurek Josef (CZE)"]
[Result "0-1"]
[WhiteElo "2193"]
[BlackElo "2353"]

1.e4 e6 2.d4 d5 3.Nd2 Nf6 4.e5 Nfd7 5.Bd3 c5 6.c3 Nc6 7.Ne2 cxd4 8.cxd4 f6
9.exf6 Nxf6 10.O-O Bd6 11.Nf3 O-O 12.Bf4 Bxf4 13.Nxf4 Ne4 14.Nh5 g6 15.Ng3
Nxg3 16.hxg3 Qb6 17.Qa4 a6 18.Rab1 Bd7 19.Rfd1 e5 20.dxe5 Nxe5 21.Qb3 Qxb3
22.axb3 Nxd3 {#R} 0-1

[Event "Ch Europe (seniors)"]
[Site "Rogaska Slatina (Slovenia)"]
[Date "2009.07.28"]
[Round "7"]
[White "Wittmann Walter (AUT)"]
[Black "Kaminik Aleksandar (ISR)"]
[Result "1-0"]
[WhiteElo "2274"]
[BlackElo "2232"]

1.e4 e6 2.d4 d5 3.Nd2 Nf6 4.e5 Nfd7 5.Bd3 c5 6.c3 Nc6 7.Ne2 cxd4 8.cxd4 f6
9.exf6 Nxf6 10.Nf3 Bd6 11.O-O O-O 12.Bf4 Bxf4 13.Nxf4 Nxd4 14.Qc1 {#r} 1-0

[Event "It \"]
[Site "Buenos Aires (Argentina)"]
[Date "2009.08.27"]
[Round "4"]
[White "Virgillito Cristian (ARG)"]
[Black "Ojea Ricardo (ARG)"]
[Result "1-0"]
[WhiteElo "2200"]
[BlackElo "1974"]

1.e4 e6 2.d4 d5 3.Nd2 Nf6 4.e5 Nfd7 5.Bd3 c5 6.c3 Nc6 7.Ne2 cxd4 8.cxd4 f6
9.exf6 Nxf6 10.Nf3 Bd6 11.O-O Qc7 12.Nc3 a6 13.Bg5 O-O 14.Rc1 Ng4 15.h3 Bh2+
16.Kh1 Rxf3 17.Qxf3 Nh6 18.Bxh6 gxh6 19.g3 Nxd4 20.Qg4+ {#r} 1-0

[Event "It (open)"]
[Site "Imperia (Italy)"]
[Date "2009.09.03"]
[Round "6"]
[White "Friedrich Norbert (GER)"]
[Black "Quirico Paolo (ITA)"]
[Result "0-1"]
[WhiteElo "2350"]
[BlackElo "2095"]

1.e4 e6 2.d4 d5 3.Nd2 Nf6 4.e5 Nfd7 5.Bd3 c5 6.c3 Nc6 7.Ne2 cxd4 8.cxd4 f6
9.exf6 Nxf6 10.O-O Bd6 11.Nf3 O-O 12.Bf4 Bxf4 13.Nxf4 Ne4 14.Qc1 Qf6 15.Nh5
Qg6 16.Ng3 Nxg3 {#R} 0-1

[Event "Ch Germany (juniors) (team)"]
[Site "Wismar (Germany)"]
[Date "2009.09.30"]
[Round "1"]
[White "Mueller Alexandra (GER)"]
[Black "Dorn Carina (GER)"]
[Result "0-1"]
[WhiteElo "1687"]
[BlackElo "1809"]

1.e4 e6 2.d4 d5 3.Nd2 Nf6 4.Bd3 c5 5.e5 Nfd7 6.c3 Nc6 7.Ne2 cxd4 8.cxd4 f6
9.Nf4 Nxd4 10.Qh5+ Ke7 11.Ng6+ hxg6 12.exf6+ Nxf6 13.Qxh8 Kf7 14.Qh4 e5 15.f3
Qb6 16.b3 Nh5 17.Qf2 Nf4 18.Bb1 Bc5 19.Qf1 Bf5 20.Bxf5 Nxf5 21.Ne4 Bb4+ 22.Bd2
Bxd2+ 23.Nxd2 Qe3+ 24.Kd1 Qd4 {#R} 0-1

[Event "It (open)"]
[Site "Zdar nad Sazavou (Czech Republic)"]
[Date "2009.10.01"]
[Round "7"]
[White "Endler Boris (CZE)"]
[Black "Hunacek Jaroslav (CZE)"]
[Result "1-0"]
[WhiteElo "1914"]
[BlackElo "1873"]

1.e4 e6 2.d4 d5 3.Nd2 Nf6 4.e5 Nfd7 5.Bd3 c5 6.c3 Nc6 7.Ne2 cxd4 8.cxd4 f6
9.Nf4 Nxd4 10.Qh5+ g6 11.Nxg6 hxg6 12.Bxg6+ Ke7 13.Qxh8 Nxe5 14.Qh7+ Kd6
15.Bb1 Be7 16.O-O Bd7 17.b3 Qa5 18.a3 Qc3 19.Ra2 Ne2+ 20.Kh1 Ng4 21.Ne4+ dxe4
22.Rxe2 {#r} 1-0

[Event "Ch World (juniors) (under 20)"]
[Site "Puerto Madryn (Argentina)"]
[Round "10"]
[White "Stavrianakis Ioannis (GRE)"]
[Black "Bomans Arno (BEL)"]
[Result "1-0"]
[WhiteElo "2240"]
[BlackElo "2102"]

1.d4 e6 2.e4 d5 3.Nd2 Nf6 4.e5 Nfd7 5.c3 c5 6.Bd3 Nc6 7.Ne2 cxd4 8.cxd4 f6
9.exf6 Nxf6 10.Nf3 Qc7 11.O-O Bd6 12.Nc3 a6 13.Bg5 O-O 14.Bh4 g6 15.Rc1 Kg7
16.Bg3 Ne8 17.Bb1 Bxg3 18.hxg3 Nd6 19.Re1 Bd7 20.b3 Nf5 21.Ne2 {#r} 1-0

[Event "Czech League 2009/10 (1st) West"]
[Site "Czech Republic"]
[Date "2009.11.01"]
[Round "2"]
[White "Reznicek Tomas (CZE)"]
[Black "Jinova Lucie (CZE)"]
[Result "0-1"]
[WhiteElo "2272"]
[BlackElo "2159"]

1.e4 e6 2.d4 d5 3.Nd2 Nf6 4.e5 Nfd7 5.c3 c5 6.Bd3 Nc6 7.Ne2 cxd4 8.cxd4 f6
9.exf6 Nxf6 10.Nf3 Bd6 11.O-O O-O 12.Nc3 e5 13.dxe5 Nxe5 14.Nxe5 Bxe5 15.h3
Bc7 16.Re1 Qd6 17.g3 Bxh3 18.Nb5 Qd7 19.Nxc7 Qxc7 20.Qb3 Qf7 21.Bf4 Nh5 22.Be3
Qf3 {#R} 0-1

[Event "Ch Chess Federation"]
[Site "Kulen Vakuf (Bosnia & Herzegovina)"]
[Date "2009.11.06"]
[Round "4"]
[White "Topic Ajla (BIH)"]
[Black "Topic Ajla (BIH)"]
[Result "1-0"]
[WhiteElo "1750"]
[BlackElo "1750"]

1.e4 e6 2.d4 d5 3.Nd2 Nf6 4.e5 Nfd7 5.Bd3 c5 6.c3 Nc6 7.Ne2 cxd4 8.cxd4 f6
9.exf6 Nxf6 10.O-O Bd6 11.Nf3 O-O 12.Bf4 Bxf4 13.Nxf4 Ne4 14.Qc1 Ng5 15.Nxg5
Qxg5 16.Ne2 Qf6 17.Qd2 Nxd4 18.Nxd4 Qxd4 19.Bxh7+ {#r} 1-0

[Event "Ch World (juniors) (under 14)"]
[Site "Kemer (Turkey)"]
[Date "2009.11.15"]
[Round "4"]
[White "Lugovskoy Maxim (RUS)"]
[Black "Burcu Cagatay (TUR)"]
[Result "1-0"]
[WhiteElo "2102"]
[BlackElo "1704"]

1.e4 e6 2.d4 d5 3.Nd2 Nf6 4.e5 Nfd7 5.Bd3 c5 6.c3 Nc6 7.Ne2 cxd4 8.cxd4 f6
9.Nf4 Nxd4 10.Qh5+ Ke7 11.Ng6+ hxg6 12.exf6+ Nxf6 13.Qxh8 Kf7 14.O-O e5 15.Nf3
Nxf3+ 16.gxf3 Nh5 17.Bxg6+ Kxg6 18.Kh1 Bf5 19.Rg1+ Kf7 20.Qxh5+ {#r} 1-0

[Event "It (open) (seniors)"]
[Site "Bad Bertrich (Germany)"]
[Date "2009.12.09"]
[Round "6"]
[White "Dahlhaus Friedhelm (GER)"]
[Black "Schumacher Helmut (BEL)"]
[Result "0-1"]
[WhiteElo "2121"]
[BlackElo "2069"]

1.e4 e6 2.d4 d5 3.Nd2 Nf6 4.e5 Nfd7 5.Bd3 c5 6.c3 Nc6 7.Ne2 cxd4 8.cxd4 Qb6
9.Nf3 f6 10.exf6 Nxf6 11.O-O Bd6 12.Rb1 Bd7 13.Bf4 Bxf4 14.Nxf4 O-O 15.g3 Kh8
16.Bc2 Rae8 17.Re1 Nxd4 18.Nxd4 e5 19.Nde2 Ng4 20.Rf1 exf4 21.Nxf4 Rxf4
22.gxf4 Qh6 {#R} 0-1

[Event "Ch City (open)"]
[Site "Suwalki (Poland)"]
[Date "2009.12.27"]
[Round "3"]
[White "Zdancewicz Jaroslaw (POL)"]
[Black "Kalejta Arkadiusz (POL)"]
[Result "1-0"]
[WhiteElo "2056"]
[BlackElo "1622"]

1.e4 e6 2.d4 d5 3.Nd2 Nf6 4.e5 Nfd7 5.Bd3 c5 6.c3 Nc6 7.Ne2 cxd4 8.cxd4 f6
9.exf6 Nxf6 10.O-O Bd6 11.Nf3 O-O 12.Bf4 Ng4 13.Bxd6 Qxd6 14.Ng3 e5 15.dxe5
Ncxe5 16.Nxe5 Nxe5 17.Bc2 Bg4 18.Qd4 Be6 19.Rae1 Ng4 20.h3 Nf6 21.Bb3 Nd7
22.Rxe6 {#r} 1-0

[Event "Ch Germany (juniors) (club) (under 14)"]
[Site "Arendsee (Germany)"]
[Date "2009.12.29"]
[Round "6"]
[White "Falter Lennart (GER)"]
[Black "Holle Cedric (GER)"]
[Result "1-0"]
[WhiteElo "1840"]
[BlackElo "1729"]

1.e4 e6 2.d4 d5 3.Nd2 Nf6 4.e5 Nfd7 5.Bd3 c5 6.c3 Nc6 7.Ne2 cxd4 8.cxd4 Qb6
9.Nf3 Bb4+ 10.Kf1 O-O 11.Nf4 Qd8 12.h4 Nb6 13.Bxh7+ Kh8 14.Ng5 g6 15.Bxg6 fxg6
16.Nxg6+ Kg7 17.Qh5 Rh8 18.Nxh8 Qg8 19.Qg6+ {#r} 1-0

[Event "It (open) \"]
[Site "Schwaebisch Gmund (Germany)"]
[Date "2010.01.02"]
[Round "3"]
[White "Chalus Karel (CZE)"]
[Black "Namyslo Holger (GER)"]
[Result "0-1"]
[WhiteElo "2106"]
[BlackElo "2269"]

1.e4 e6 2.d4 d5 3.Nd2 Nf6 4.e5 Nfd7 5.Bd3 c5 6.c3 Nc6 7.Ne2 cxd4 8.cxd4 f6
9.exf6 Nxf6 10.Nf3 Bd6 11.O-O Qb6 12.Nc3 Bd7 13.a3 Nxd4 14.Nxd4 Qxd4 15.Bg6+
hxg6 {#R} 0-1

[Event "It (open)"]
[Site "Gijon (Spain)"]
[Date "2010.01.04"]
[Round "8"]
[White "Alvarez Solis Daniel (ESP)"]
[Black "Lloveras Hernanz Jose Antonio (ESP)"]
[Result "1-0"]
[WhiteElo "2031"]
[BlackElo "1787"]

1.e4 e6 2.d4 d5 3.Nd2 Nf6 4.e5 Nfd7 5.Bd3 c5 6.c3 Nc6 7.Ne2 Qb6 8.Nf3 cxd4
9.cxd4 Be7 10.O-O f6 11.exf6 Nxf6 12.Re1 Bb4 13.Bd2 Bxd2 14.Qxd2 Qc7 15.Rac1
Qf7 16.Ng5 Qh5 17.Ng3 Qg4 18.h3 Qxd4 19.Rxc6 {#r} 1-0

[Event "It \"]
[Site "Uljanovsk (Russia)"]
[Date "2010.01.09"]
[Round "8"]
[White "Pavlovski Yaroslav (RUS)"]
[Black "Olisov Andrey (RUS)"]
[Result "1-0"]
[WhiteElo "2311"]
[BlackElo "2157"]

1.e4 e6 2.d4 d5 3.Nd2 Nf6 4.e5 Nfd7 5.Bd3 c5 6.c3 Nc6 7.Ne2 cxd4 8.cxd4 f6
9.Nf4 Qe7 10.exf6 Qxf6 11.Nf3 Bb4+ 12.Kf1 O-O 13.Nh5 Qf7 14.Bxh7+ Kh8 15.Nf4
g5 16.Nxg5 Qf6 17.Qh5 {#r} 1-0

[Event "Czech League 2009/10 (1st) (juniors)"]
[Site "Czech Republic"]
[Date "2010.01.24"]
[Round "8"]
[White "Tilgner Marcel"]
[Black "Saffova Michaela"]
[Result "1-0"]
[WhiteElo "1675"]
[BlackElo "1614"]

1.e4 e6 2.d4 d5 3.Nd2 Nf6 4.e5 Nfd7 5.Bd3 c5 6.c3 Nc6 7.Ne2 Qb6 8.Nf3 cxd4
9.cxd4 Bb4+ 10.Bd2 O-O 11.O-O f6 12.Nf4 Re8 13.Re1 f5 14.Ng5 Nf8 15.Bxf5 Bxd2
16.Bxh7+ Nxh7 17.Qh5 Nxg5 18.Qxe8+ Kh7 19.Qg6+ Kg8 20.Nh5 Kf8 21.Qxg7+ Ke8
22.Nf6+ Kd8 23.Qf8+ {#r} 1-0

[Event "Liga Mazowiecka 2009/10"]
[Site "Poland"]
[Date "2010.02.14"]
[Round "6"]
[White "Toczek Grzegorz (POL)"]
[Black "Skwarnicki Adam (POL)"]
[Result "1-0"]
[WhiteElo "2308"]
[BlackElo "1990"]

1.e4 e6 2.d4 d5 3.Nd2 Nf6 4.e5 Nfd7 5.Bd3 c5 6.c3 Nc6 7.Ne2 cxd4 8.cxd4 f6
9.exf6 Nxf6 10.O-O Bd6 11.Nf3 O-O 12.h3 Bd7 13.Be3 Be8 14.Ng5 Qe7 15.f4 Nb4
16.Bb1 Rc8 17.a3 Nc6 18.Nc3 Na5 {#r} 1-0

[Event "Ch City (final)"]
[Site "Omsk (Russia)"]
[Date "2010.02.23"]
[Round "3"]
[White "Artemiev Vladislav (RUS)"]
[Black "Volkov Alexander (RUS)"]
[Result "1-0"]
[WhiteElo "2356"]
[BlackElo "2157"]

1.e4 e6 2.d4 d5 3.Nd2 Nf6 4.e5 Nfd7 5.Bd3 c5 6.c3 Nc6 7.Ne2 cxd4 8.cxd4 Qb6
9.Nf3 Bb4+ 10.Bd2 O-O 11.O-O Bxd2 12.Qxd2 a5 13.Rac1 {#r} 1-0

[Event "It (open)"]
[Site "Bad Woerishofen (Germany)"]
[Date "2010.03.11"]
[Round "6"]
[White "Neumann Joachim (GER)"]
[Black "Guggenberger Guido (GER)"]
[Result "1-0"]
[WhiteElo "2133"]
[BlackElo "2027"]

1.e4 e6 2.d4 d5 3.Nd2 Nf6 4.e5 Nfd7 5.Bd3 c5 6.c3 Nc6 7.Ne2 cxd4 8.cxd4 a5
9.O-O Nb6 10.f4 g6 11.Nf3 Bd7 12.g4 h5 13.f5 hxg4 14.fxg6 gxf3 15.gxf7+ Kxf7
16.Rxf3+ Kg8 17.Rg3+ Bg7 18.Bg5 Qe8 19.Bf6 Qf8 20.Nf4 Ne7 21.Rxg7+ Qxg7+
22.Bxg7 Kxg7 23.Qg4+ Kf7 24.Bg6+ {#r} 1-0

[Event "Tournament (Elo)"]
[Site "Nova Resende (Brazil)"]
[Date "2010.03.20"]
[Round "4"]
[White "Nery Junior Jose Antonio"]
[Black "Rodrigues Fernanda (BRA)"]
[Result "1-0"]
[WhiteElo "2027"]
[BlackElo "1900"]

1.e4 e6 2.d4 d5 3.Nd2 Nf6 4.e5 Nfd7 5.c3 c5 6.Bd3 Nc6 7.Ne2 cxd4 8.cxd4 f6
9.Nf4 Nxd4 10.Qh5+ Ke7 11.exf6+ Nxf6 12.Ng6+ hxg6 13.Qxh8 Kf7 14.O-O e5 15.Nf3
Nxf3+ 16.gxf3 Nh5 17.Be3 Qf6 18.Be2 Bh3 19.Rfc1 Rd8 20.Rc7+ Be7 21.Qxd8 Nf4
22.Qxe7+ Qxe7 23.Rxe7+ Kxe7 24.Bxf4 {#r} 1-0

[Event "It (open)"]
[Site "Barcelona (Spain)"]
[Date "2010.03.27"]
[Round "1.8"]
[White "Rios Alejandro (COL)"]
[Black "Martinez Hernandez Emili (ESP)"]
[Result "1-0"]
[WhiteElo "2299"]
[BlackElo "1835"]

1.e4 e6 2.d4 d5 3.Nd2 Nf6 4.e5 Nfd7 5.Bd3 c5 6.c3 Nc6 7.Ne2 cxd4 8.cxd4 g6
9.O-O Bg7 10.Nf3 h6 11.a3 a6 12.Be3 b5 13.Qc2 Bb7 14.Bxg6 fxg6 15.Qxg6+ Kf8
16.Nf4 Qe7 17.Nxe6+ Kg8 18.Rac1 Qf7 19.Nf4 Qxg6 20.Nxg6 Kf7 21.Nxh8+ {#r} 1-0

[Event "Bundesliga 2009/10"]
[Site "Austria"]
[Date "2010.03.29"]
[Round "10"]
[White "Siebrecht Sebastian (GER)"]
[Black "Seknicka Daniel (AUT)"]
[Result "1-0"]
[WhiteElo "2421"]
[BlackElo "1684"]

1.e4 e6 2.d4 d5 3.Nd2 Nf6 4.e5 Nfd7 5.Bd3 c5 6.c3 Nc6 7.Ne2 Qb6 8.Nf3 cxd4
9.cxd4 f6 10.exf6 Nxf6 11.O-O Bd6 12.a3 O-O 13.Nc3 Kh8 14.Bc2 Bd7 15.Re1 Rae8
16.Bg5 Bc8 17.Qd3 g6 18.Bxf6+ Rxf6 19.Nxd5 Rxf3 20.Qxf3 Qxd4 21.Qf6+ {#r} 1-0

[Event "Ch Region"]
[Site "Cheliabinsk (Russia)"]
[Date "2010.03.30"]
[Round "4"]
[White "Dymshakov Artem (RUS)"]
[Black "Simonova Tatiana (RUS)"]
[Result "1-0"]
[WhiteElo "2058"]
[BlackElo "1909"]

1.e4 e6 2.d4 d5 3.Nd2 Nf6 4.e5 Nfd7 5.Bd3 c5 6.c3 Nc6 7.Ne2 Qb6 8.Nf3 cxd4
9.cxd4 Be7 10.O-O a6 11.Bb1 O-O 12.Qd3 f5 13.exf6 Nxf6 14.Ne5 Nb4 15.Qh3 Qc7
16.Bg5 Ne4 17.Be3 Nc6 18.f3 Bg5 19.fxe4 Bxe3+ 20.Qxe3 Nxe5 21.Rxf8+ {#r} 1-0